| 000 | 00615cam a2200193 a 4500 | ||
|---|---|---|---|
| 020 | _a0830604626 : | ||
| 020 | _a0830628622 (pbk.) : | ||
| 082 | 0 | 0 |
_a629.132 _bPRO _cDonation |
| 100 | 1 |
_aProchnow, Dave. _938913 |
|
| 245 | 1 | 0 |
_aFlight Simulator and Flight Simulator II : _b82 challenging new adventures / _cDave Prochnow. |
| 250 | _a1st ed. | ||
| 260 |
_aBlue Ridge Summit, PA : _bTab Books, _cc1987. |
||
| 300 |
_axvii, 203 p. : _bill. ; _c25 cm. |
||
| 500 | _aIncludes index. | ||
| 526 |
_a0 _b0 _c0 _d629_132000000000000_PRO |
||
| 650 | 0 |
_aComputer flight games. _944334 |
|
| 650 | 0 |
_aMCE _9379 |
|
| 942 |
_2ddc _cBK |
||
| 999 |
_c548155 _d548155 |
||